La Donna Cannone, Francesco De Gregori - Testo Completo - Statistics

Statistiche generali
  • Questo quiz è stato fatto 24 volte
  • Il punteggio medio è 179 su 222
Statistiche sulle risposte
Testo % Corretto
cannone
100%
d'
100%
E
100%
e
100%
l'
100%
le
100%
s'
100%
tu
100%
amore,
95%
avrò
95%
bella
95%
che
95%
come
95%
con
95%
cuore
95%
dici
95%
donna
95%
la
95%
lo
95%
Ma
95%
mani,
95%
mani
95%
mio
95%
non
95%
paura
95%
sarò
95%
se
95%
ti
95%
dire
90%
In
90%
in
90%
nel
90%
parole
90%
più
90%
prenderò
90%
Senza
90%
senza
90%
torneremo
90%
un
90%
Un
90%
voleremo
90%
carne
85%
giorno
85%
ossa,
85%
per
85%
porte
85%
porterò
85%
rete
85%
si
85%
stelle
85%
tra
85%
via
85%
vuoi
85%
argento
80%
Butterò
80%
cielo
80%
del
80%
farò
80%
Giuro
80%
oro
80%
questo
80%
bocca
75%
fame,
75%
io
75%
nell'
75%
sete
75%
ali
70%
azzurro
70%
della
70%
enorme
70%
mai
70%
dalla
65%
giurarono
65%
il
65%
spergiurarono
65%
stati
65%
erano
60%
60%
Quando
60%
stazione,
60%
treno
60%
ultimo
60%
una
60%
volerò
60%
canzone
55%
mistero
55%
prenderà
55%
volò
55%
ai
50%
Così
50%
incamminò
50%
nero
50%
nome
50%
notte
50%
passare
50%
quell'
50%
scintillerà
50%
suonerà
50%
Altri
45%
applauso
45%
diventerà
45%
faccia
45%
gli
45%
maligni
45%
occhi
45%
pagante
45%
pubblico
45%
superbi
45%
verso
45%
attimo
40%
chiusero
40%
cui
40%
esatto
40%
sottolineerà
40%
sparì
40%
Tutti
40%
oltre
35%
tenda,
35%
Tutta
35%
bloccherà
30%
Dalle
30%
sola
30%
Nessun quiz corrispondente trovato
Distribuzione punteggi
Percentuale di utenti per punteggio
Percentile per numero di risposta
I tuoi punteggi nel tempo
Non hai fatto questo quiz